World bibliography of soybean entomology. Vol I
Gespeichert in:
| 1. Verfasser: | |
|---|---|
| Format: | Buch |
| Sprache: | Undetermined |
| Veröffentlicht: |
USA
Illinois Agricultural Experiment Station
1988
|
| Schlagworte: | |
| Tags: |
Tag hinzufügen
Keine Tags, Fügen Sie den ersten Tag hinzu!
|
| Thư viện lưu trữ: | Trung tâm Học liệu Trường Đại học Cần Thơ |
|---|
| LEADER | 00592nam a2200181Ia 4500 | ||
|---|---|---|---|
| 001 | CTU_38746 | ||
| 008 | 210402s9999 xx 000 0 und d | ||
| 082 | |a 633.3497 | ||
| 082 | |b K77 | ||
| 100 | |a J Kogan | ||
| 245 | 0 | |a World bibliography of soybean entomology. Vol I | |
| 245 | 0 | |c J Kogan, C G Helm, E F Brewer, M Kogan | |
| 260 | |a USA | ||
| 260 | |b Illinois Agricultural Experiment Station | ||
| 260 | |c 1988 | ||
| 650 | |a arthropod pests - bibliography,soybean - diseases and pests - bibliography | ||
| 904 | |i Liên, 990906 | ||
| 980 | |a Trung tâm Học liệu Trường Đại học Cần Thơ | ||